Catálogo de las obras que forman su biblioteca : (Record no. 43334)

MARC details
000 -LEADER
campo de control de longitud fija 00704nam a2200181 i 4500
001 - NÚMERO DE CONTROL
campo de control 43334
003 - IDENTIFICADOR DE NÚMERO DE CONTROL
campo de control ES-MaACL
005 - FECHA Y HORA DE LA ÚLTIMA TRANSACCIÓN
campo de control 20230906160756.0
007 - CAMPO FIJO DE DESCRIPCIÓN FÍSICA--INFORMACIÓN GENERAL
campo de control de longitud fija t|
008 - DATOS DE LONGITUD FIJA--INFORMACIÓN GENERAL
campo de control de longitud fija 030317s1913 cu b ||||1| spa d
110 1# - ENTRADA PRINCIPAL--NOMBRE DE ENTIDAD CORPORATIVA
Nombre de entidad corporativa o nombre de jurisdicción como elemento de entrada Cuba.
Unidad subordinada Cámara de Representantes.
-- Biblioteca.
9 (RLIN) 161303
245 10 - MENCIÓN DEL TÍTULO
Título Catálogo de las obras que forman su biblioteca :
Resto del título secciones de hacienda pública y de comercio y transporte /
Mención de responsabilidad, etc. Cámara de Representantes.
260 ## - PUBLICACIÓN, DISTRIBUCIÓN, ETC.
Lugar de publicación, distribución, etc. Habana :
Nombre del editor, distribuidor, etc. [s.n.],
Fecha de publicación, distribución, etc. 1913 (
Fabricante Imp. Suárez, Carasa y Cª)
300 ## - DESCRIPCIÓN FÍSICA
Extensión 1 v. (pág. var.) ;
Dimensiones 28 cm.
610 14 - PUNTO DE ACCESO ADICIONAL DE MATERIA--NOMBRE DE ENTIDAD CORPORATIVA
Nombre de entidad corporativa o nombre de jurisdicción como elemento de entrada Cuba.
Unidad subordinada Cámara de Representantes.
-- Biblioteca-
Subdivisión de forma Catálogos.
9 (RLIN) 161304
651 #4 - PUNTO DE ACCESO ADICIONAL DE MATERIA--NOMBRE GEOGRÁFICO
Nombre geográfico Cuba-
Subdivisión de forma Bibliografías.
9 (RLIN) 161305
852 ## - LOCALIZACIÓN
Ubicación ES-MaACL
Número de control de estantería F-737
Holdings
Estatus retirado Estado de pérdida Estado de daño No para préstamo Biblioteca de origen Biblioteca actual Ubicación en estantería Fecha de adquisición Fuente de adquisición Total de préstamos Signatura topográfica completa Código de barras Visto por última vez Precio de reemplazo Tipo de ítem Koha
        Biblioteca del Ateneo de Madrid Biblioteca del Ateneo de Madrid Depósito 2 17/01/2008     F-737 1045619 23/02/2023 23/02/2023 Libro impreso